[Event "Uljanovsk Cup"]
[Site "Uljanovsk"]
[Date "2009.12.06"]
[Round "3"]
[White "Kazakov, Vladimir"]
[Black "Lukianov, Alexander"]
[Result "1-0"]
[WhiteElo "2005"]
[BlackElo "1884"]
[PlyCount "129"]
[EventDate "2009.12.05"]
[EventType "swiss"]
[EventRounds "9"]
[EventCountry "RUS"]
[SourceTitle "EXT 2012"]
[Source "ChessBase"]
[SourceDate "2011.11.24"]
[SourceVersion "1"]
[SourceVersionDate "2011.11.24"]
[SourceQuality "1"]

1. d4 Nf6 2. c4 e6 3. Nc3 Bb4 4. Qc2 c5 5. e3 cxd4 6. exd4 Nc6 7. Nf3 d5 8. Bg5 h6 9. Bxf6 Qxf6 10. Rd1 0-0 11. a3 Bxc3+ 12. bxc3 dxc4 13. Bxc4 a6 14. 0-0 b5 15. Bd3 Bb7 16. Be4 Qe7 17. Ra1 Rac8 18. Qd2 f5 19. Bxc6 Bxc6 20. Ne5 Qb7 21. f3 Bd5 22. Rfe1 Rc7 23. Nd3 Qc6 24. Nc5 Rf6 25. Qe3 Rg6 26. Rf1 Rf7 27. a4 Bc4 28. Rf2 Qe8 29. axb5 axb5 30. Rd2 f4 31. Qf2 Rf5 32. Ne4 Qc6 33. Qe1 Bd5 34. Rf2 h5 35. Rb1 h4 36. Rbb2 Rf8 37. Qb1 Rb8 38. Nc5 Rg5 39. Qd1 h3 40. Ne4 Bxe4 41. fxe4 Qxe4 42. Rbe2 Qf5 43. Re5 Qf6 44. Rxg5 Qxg5 45. Qf3 hxg2 46. Qxf4 Qxf4 47. Rxf4 Rf8 48. Rxf8+ Kxf8 49. Kxg2 Ke7 50. Kf3 Kf6 51. Ke4 g6 52. h4 Ke7 53. Ke5 Kf7 54. Kd6 Kf6 55. Kc5 Kf5 56. Kxb5 Kg4 57. c4 Kxh4 58. c5 g5 59. c6 g4 60. c7 g3 61. c8Q g2 62. Qxe6 g1Q 63. Qh6+ Kg3 64. Qg5+ Kf2 65. Qxg1+ 1-0

[Event "Uljanovsk-ch"]
[Site "Uljanovsk"]
[Date "2009.03.28"]
[Round "9"]
[White "Kazakov, Vladimir"]
[Black "Abdurahmanov, Afer"]
[Result "0-1"]
[WhiteElo "2005"]
[BlackElo "1798"]
[PlyCount "86"]
[EventDate "2009.03.14"]
[EventType "swiss"]
[EventRounds "9"]
[EventCountry "RUS"]
[SourceTitle "EXT 2010"]
[Source "ChessBase"]
[SourceDate "2010.11.25"]
[SourceVersion "1"]
[SourceVersionDate "2010.11.25"]
[SourceQuality "1"]

1. d4 g6 2. c4 Bg7 3. Nc3 Nf6 4. Nf3 b6 5. g3 Bb7 6. Bg2 0-0 7. 0-0 c5 8. d5 d6 9. Re1 Nbd7 10. e4 Ng4 11. Bd2 Nge5 12. Nxe5 Nxe5 13. Rb1 Nxc4 14. b3 Ne5 15. f4 Nd3 16. Re2 Bd4+ 17. Kf1 Ba6 18. a4 Nb4 19. Nb5 Bg7 20. Bxb4 cxb4 21. Kg1 Qd7 22. Qd3 Rfc8 23. e5 Rc3 24. Qe4 Bxb5 25. axb5 Qxb5 26. exd6 exd6 27. Qe7 Qc5+ 28. Kh1 Rc8 29. Ree1 a5 30. Qe4 b5 31. Bh3 Rf8 32. Bd7 Rc2 33. Bxb5 Rd2 34. Bc4 a4 35. bxa4 Rd4 36. Qg2 Qxc4 37. Rec1 Qxd5 38. Qxd5 Rxd5 39. Rxb4 Ra8 40. Rc2 Rd1+ 41. Kg2 Ra1 42. Rb6 Bf8 43. Rcc6 R1xa4 0-1

[Event "Uljanovsk-ch"]
[Site "Uljanovsk"]
[Date "2009.03.18"]
[Round "5"]
[White "Kazakov, Vladimir"]
[Black "Marizina, Yulia"]
[Result "0-1"]
[WhiteElo "2005"]
[BlackElo "1720"]
[PlyCount "59"]
[EventDate "2009.03.14"]
[EventType "swiss"]
[EventRounds "9"]
[EventCountry "RUS"]
[SourceTitle "EXT 2010"]
[Source "ChessBase"]
[SourceDate "2010.11.25"]
[SourceVersion "1"]
[SourceVersionDate "2010.11.25"]
[SourceQuality "1"]

1. d4 Nf6 2. c4 e6 3. Nf3 b6 4. g3 Bb7 5. Bg2 g6 6. Nc3 Bg7 7. e3 0-0 8. Qc2 d6 9. 0-0 Nbd7 10. Rd1 Qe7 11. e4 c5 12. d5 exd5 13. exd5 Ne5 14. Bf4 Nxc4 15. Re1 Qd7 16. b3 Na3 17. Qd3 b5 18. Rac1 b4 19. Bxd6 Qxd6 20. Na4 Rac8 21. Nd2 Bh6 22. Nc4 Nxc4 23. Rxc4 Ba6 24. Nb2 Bxc4 25. Nxc4 Qa6 26. Qf3 Rcd8 27. Rd1 Qxa2 28. Qxf6 Qxb3 29. Qa1 Qxc4 30. Qxa7 0-1

[Event "Uljanovsk-ch"]
[Site "Uljanovsk"]
[Date "2009.03.15"]
[Round "2"]
[White "Kazakov, Vladimir"]
[Black "Parshakov, Vladimir"]
[Result "0-1"]
[WhiteElo "2005"]
[BlackElo "2044"]
[PlyCount "73"]
[EventDate "2009.03.14"]
[EventType "swiss"]
[EventRounds "9"]
[EventCountry "RUS"]
[SourceTitle "EXT 2010"]
[Source "ChessBase"]
[SourceDate "2010.11.25"]
[SourceVersion "1"]
[SourceVersionDate "2010.11.25"]
[SourceQuality "1"]

1. d4 Nf6 2. c4 e6 3. Bg5 Bb4+ 4. Nd2 h6 5. Bxf6 Qxf6 6. e3 c5 7. Ngf3 Nc6 8. a3 Ba5 9. d5 Ne5 10. Nxe5 Qxe5 11. Qc2 exd5 12. Be2 0-0 13. 0-0 d4 14. Nf3 Qf6 15. exd4 cxd4 16. Rad1 d5 17. b4 dxc4 18. Rxd4 Bf5 19. Qxc4 Bb6 20. Rd2 Rac8 21. Qa2 Rc3 22. Ne1 Rc1 23. Nf3 Rfc8 24. Rxc1 Rxc1+ 25. Bf1 Qc3 26. Re2 Bd3 27. g3 Bxe2 28. Qxe2 Qc2 29. Kg2 Qxe2 30. Bxe2 Rc2 31. Ng1 h5 32. b5 Ra2 33. Kf3 a5 34. bxa6 bxa6 35. Nh3 a5 36. Nf4 a4 37. Nd5 0-1

[Event "Chigorin Memorial 09th"]
[Site "St Petersburg"]
[Date "2001.10.02"]
[Round "8"]
[White "Akimov, Ivan"]
[Black "Kazakov, Vladimir"]
[Result "1-0"]
[WhiteElo "2279"]
[BlackElo "2005"]
[PlyCount "117"]
[EventDate "2001.10.26"]
[EventType "swiss"]
[EventRounds "9"]
[EventCountry "RUS"]
[SourceTitle "EXT 2002"]
[Source "ChessBase"]
[SourceDate "2001.11.25"]
[SourceVersion "1"]
[SourceVersionDate "2001.11.25"]
[SourceQuality "1"]

1. d4 Nf6 2. c4 g6 3. Nc3 Bg7 4. e4 0-0 5. f3 d6 6. Bg5 c5 7. d5 Na6 8. Qd2 Ne8 9. Nge2 f6 10. Be3 f5 11. exf5 Bxf5 12. Ng3 Bd3 13. Bxd3 Nb4 14. Bb1 e5 15. 0-0 Nf6 16. a3 Na6 17. Bd3 Nc7 18. b4 b6 19. Rab1 Qc8 20. Bh6 Rf7 21. Bxg7 Rxg7 22. Qg5 cxb4 23. axb4 Nce8 24. Nge4 Qd8 25. Ra1 Nxe4 26. Qxd8 Rxd8 27. fxe4 Ra8 28. Rf2 Nc7 29. Rfa2 a6 30. c5 dxc5 31. bxc5 bxc5 32. d6 Ne6 33. Bc4 Kf7 34. Nd5 Kf8 35. Rxa6 Rd8 36. Rf1+ Rf7 37. Nf6 Kg7 38. Nd7 Rfxd7 39. Bxe6 Rxd6 40. Rxd6 Rxd6 41. Bd5 Rd7 42. Kf2 Ra7 43. Rb1 Kf6 44. Rb6+ Kg7 45. Re6 Ra4 46. Rxe5 c4 47. Re7+ Kf6 48. Rc7 Ra2+ 49. Kf3 Ra3+ 50. Kf4 g5+ 51. Kg4 c3 52. Rc6+ Ke5 53. Kxg5 Kd4 54. Kf6 Kd3 55. e5 c2 56. Rxc2 Kxc2 57. e6 Re3 58. e7 h5 59. Be6 1-0

[Event "Chigorin Memorial 09th"]
[Site "St Petersburg"]
[Date "2001.10.01"]
[Round "7"]
[White "Kazakov, Vladimir"]
[Black "Grishina, Alexandra"]
[Result "1/2-1/2"]
[WhiteElo "2005"]
[BlackElo "2166"]
[PlyCount "84"]
[EventDate "2001.10.26"]
[EventType "swiss"]
[EventRounds "9"]
[EventCountry "RUS"]
[SourceTitle "EXT 2002"]
[Source "ChessBase"]
[SourceDate "2001.11.25"]
[SourceVersion "1"]
[SourceVersionDate "2001.11.25"]
[SourceQuality "1"]

1. e4 e6 2. d3 d5 3. Nd2 c5 4. g3 Nc6 5. Bg2 Nf6 6. Ngf3 Be7 7. 0-0 0-0 8. Re1 Qc7 9. c3 d4 10. c4 e5 11. Nf1 a6 12. Nh4 b5 13. b3 Ne8 14. Nf5 Rb8 15. f4 f6 16. Nxe7+ Qxe7 17. f5 g5 18. g4 Nd6 19. Ng3 Bd7 20. Nh5 Rfc8 21. Qd2 h6 22. h4 Be8 23. Bf1 Bxh5 24. gxh5 Qg7 25. hxg5 hxg5 26. Re2 Kf7 27. Rh2 Rh8 28. Be2 Rh6 29. Bg4 Qf8 30. Qc2 Nb4 31. Qd2 Nc6 32. Ba3 b4 33. Bb2 Ra8 34. a4 Na5 35. Qc2 Ne8 36. Kg2 Ng7 37. Rah1 Ke7 38. Bc1 Kd6 39. Bd2 Qf7 40. Qd1 Rah8 41. Be1 Qb7 42. Kf2 Nc6 1/2-1/2

[Event "Chigorin Memorial 08th"]
[Site "St Petersburg"]
[Date "2000.11.05"]
[Round "5"]
[White "Kazakov, Vladimir"]
[Black "Poliakov, Alexander"]
[Result "0-1"]
[WhiteElo "2078"]
[BlackElo "2270"]
[PlyCount "102"]
[EventDate "2000.10.31"]
[EventType "swiss"]
[EventRounds "9"]
[EventCountry "RUS"]
[SourceTitle "EXT 2001"]
[Source "ChessBase"]
[SourceDate "2000.11.22"]
[SourceVersion "1"]
[SourceVersionDate "2000.11.22"]
[SourceQuality "1"]

1. e4 e6 2. d3 c5 3. g3 g6 4. Bg2 Bg7 5. Nf3 Ne7 6. 0-0 0-0 7. Nbd2 d6 8. Re1 Nbc6 9. Nf1 b5 10. h4 h6 11. a3 Bb7 12. c3 Kh7 13. d4 f5 14. e5 dxe5 15. dxc5 e4 16. N3h2 Ne5 17. Be3 Nd3 18. Re2 Qc7 19. Qb3 Bd5 20. Qxb5 Rfb8 21. Qa6 Nxc5 22. Bxc5 Qxc5 23. Rd2 Bc4 24. Qa4 Nd5 25. b4 Qb5 26. Qxb5 Bxb5 27. Rc1 Nxc3 28. Kh1 Rd8 29. Rdc2 Rac8 30. Ne3 Ba4 31. Rb2 Nd5 32. Rxc8 Rxc8 33. Rd2 Rc1+ 34. Bf1 Bc3 35. Rxd5 exd5 36. Nxd5 Bd4 37. Ne3 Bxe3 38. fxe3 Rc3 39. Kg2 Rxe3 40. g4 f4 41. Bc4 Rg3+ 42. Kf2 Bc6 43. b5 Bb7 44. a4 Rc3 45. Be6 Rc2+ 46. Kg1 e3 47. h5 Rg2+ 48. Kh1 e2 49. hxg6+ Kg7 50. Nf3 Bxf3 51. Bf5 e1Q# 0-1

[Event "Chigorin Memorial 08th"]
[Site "St Petersburg"]
[Date "2000.11.04"]
[Round "4"]
[White "Andreev, Vladislav A"]
[Black "Kazakov, Vladimir"]
[Result "1-0"]
[WhiteElo "2377"]
[BlackElo "2078"]
[PlyCount "63"]
[EventDate "2000.10.31"]
[EventType "swiss"]
[EventRounds "9"]
[EventCountry "RUS"]
[SourceTitle "EXT 2001"]
[Source "ChessBase"]
[SourceDate "2000.11.22"]
[SourceVersion "1"]
[SourceVersionDate "2000.11.22"]
[SourceQuality "1"]

1. e4 c6 2. c4 d5 3. exd5 cxd5 4. cxd5 a6 5. Nc3 Nf6 6. Qb3 Nbd7 7. Nf3 g6 8. a4 Bg7 9. Bc4 Nb6 10. d3 0-0 11. 0-0 Nh5 12. Be3 Nd7 13. a5 Ne5 14. Nxe5 Bxe5 15. f4 Bc7 16. Ne4 Bd6 17. Nxd6 exd6 18. Qb4 Qf6 19. Ba2 Bf5 20. Bd4 Qe7 21. Rae1 Qd7 22. Bc3 f6 23. Bb3 Bxd3 24. Rf3 Bb5 25. Re6 Rad8 26. f5 g5 27. Qg4 Qf7 28. h4 h6 29. hxg5 hxg5 30. Rh3 Nf4 31. Qxg5+ Ng6 32. Rxf6 1-0

[Event "Novgorod op"]
[Site "Novgorod"]
[Date "1999.03.25"]
[Round "7"]
[White "Kazakov, Vladimir"]
[Black "Driamin, Dmitrij"]
[Result "1-0"]
[WhiteElo "2046"]
[BlackElo "2267"]
[PlyCount "93"]
[EventDate "1999.03.19"]
[EventType "swiss"]
[EventRounds "10"]
[EventCountry "RUS"]
[SourceTitle "CBM 069 Extra"]
[Source "ChessBase"]
[SourceDate "1999.05.10"]
[SourceVersion "1"]
[SourceVersionDate "1999.05.10"]
[SourceQuality "1"]

1. e4 c5 2. Nf3 e6 3. d4 cxd4 4. Nxd4 Nf6 5. Nc3 Nc6 6. Bc4 Bb4 7. Nxc6 bxc6 8. Bg5 Qa5 9. Bd2 Qc7 10. Qe2 0-0 11. 0-0 d5 12. Bd3 Bd6 13. h3 d4 14. Na4 e5 15. b3 h6 16. Nb2 Be6 17. Nc4 Nd7 18. Nxd6 Qxd6 19. f4 f6 20. f5 Bf7 21. Rf3 Kh7 22. Rg3 Nb6 23. Qg4 Rg8 24. Qh4 c5 25. Be2 Rh8 26. Bh5 Kg8 27. Bg6 Rc8 28. Qh5 Qd7 29. Rf1 Kf8 30. Rff3 Rc7 31. Rg4 Bg8 32. Rfg3 Ke7 33. Bh7 Kd6 34. Rxg7 Qxg7 35. Rxg7 Rxg7 36. Bg6 c4 37. Qh4 Nd7 38. Bb4+ Kc7 39. Be8 cxb3 40. axb3 Rg5 41. Bd2 Rh7 42. Bxd7 Rxd7 43. Bxg5 hxg5 44. Qh8 Bxb3 45. cxb3 d3 46. Qh5 d2 47. Qd1 1-0

[Event "St Petersburg White Nights op"]
[Site "St Petersburg"]
[Date "1999.??.??"]
[Round "7"]
[White "Kazakov, Vladimir"]
[Black "Kilpela, Panu"]
[Result "1-0"]
[WhiteElo "2210"]
[BlackElo "2219"]
[PlyCount "45"]
[EventDate "1999.06.??"]
[EventType "swiss"]
[EventRounds "9"]
[EventCountry "RUS"]
[SourceTitle "EXT 2000"]
[Source "ChessBase"]
[SourceDate "1999.11.16"]
[SourceVersion "1"]
[SourceVersionDate "1999.11.16"]
[SourceQuality "1"]

1. e4 d6 2. d4 Nf6 3. Nc3 g6 4. f4 Bg7 5. e5 dxe5 6. dxe5 Qxd1+ 7. Kxd1 Ng4 8. Nd5 Kd8 9. Ke1 c6 10. Nc3 f6 11. h3 Nh6 12. Nf3 Nd7 13. Bc4 b5 14. Bb3 Nc5 15. Be3 Nxb3 16. axb3 a6 17. Bb6+ Ke8 18. Rd1 Nf7 19. Ke2 fxe5 20. fxe5 Nxe5 21. Rd8+ Kf7 22. Ng5+ Kf6 23. Nce4+ 1-0

[Event "St Petersburg White Nights op"]
[Site "St Petersburg"]
[Date "1998.06.23"]
[Round "4"]
[White "Tarasov, Mikhail"]
[Black "Kazakov, Vladimir"]
[Result "1-0"]
[WhiteElo "2315"]
[BlackElo "2320"]
[PlyCount "79"]
[EventDate "1998.06.??"]
[EventType "swiss"]
[EventRounds "9"]
[EventCountry "RUS"]
[SourceTitle "EXT 1999"]
[Source "ChessBase"]
[SourceDate "1998.11.16"]
[SourceVersion "1"]
[SourceVersionDate "1998.11.16"]
[SourceQuality "1"]

1. d4 Nf6 2. c4 g6 3. Nc3 Bg7 4. e4 0-0 5. e5 Ne8 6. Nf3 d6 7. Bf4 c5 8. dxc5 Qa5 9. Qd2 dxe5 10. Bxe5 Nc6 11. Bxg7 Nxg7 12. Nd5 Qxd2+ 13. Nxd2 f5 14. 0-0-0 e6 15. Nc3 e5 16. a3 Be6 17. Nf3 Rad8 18. Be2 e4 19. Ng5 Bc8 20. Rxd8 Rxd8 21. Rd1 Rxd1+ 22. Kxd1 h6 23. Nh3 g5 24. f3 exf3 25. Bxf3 Ne5 26. Bd5+ Kf8 27. Nb5 f4 28. Nf2 Ng4 29. Nxg4 Bxg4+ 30. Kd2 Ne6 31. b4 a6 32. Nd6 Nd8 33. Nxb7 Nf7 34. Nd6 Nd8 35. c6 Ke7 36. c7 Bd7 37. c5 Ne6 38. Bxe6 Bxe6 39. Kd3 h5 40. Ke4 1-0

[Event "St Petersburg White Nights op"]
[Site "St Petersburg"]
[Date "1998.06.21"]
[Round "2"]
[White "Marinin, Viktor"]
[Black "Kazakov, Vladimir"]
[Result "1-0"]
[WhiteElo "2230"]
[BlackElo "2320"]
[PlyCount "49"]
[EventDate "1998.06.??"]
[EventType "swiss"]
[EventRounds "9"]
[EventCountry "RUS"]
[SourceTitle "EXT 1999"]
[Source "ChessBase"]
[SourceDate "1998.11.16"]
[SourceVersion "1"]
[SourceVersionDate "1998.11.16"]
[SourceQuality "1"]

1. d4 Nf6 2. c4 g6 3. Nc3 Bg7 4. e4 0-0 5. f4 d6 6. Nf3 c5 7. d5 e6 8. Be2 exd5 9. e5 dxe5 10. fxe5 Ne8 11. cxd5 Bf5 12. 0-0 a6 13. Bg5 f6 14. Bh4 g5 15. Bg3 fxe5 16. Nxe5 Nd6 17. Bg4 b5 18. Bxf5 Nxf5 19. Qg4 Nd4 20. Ne4 Rxf1+ 21. Rxf1 Ra7 22. Nxg5 Ne2+ 23. Kh1 Nxg3+ 24. hxg3 Qxd5 25. Qc8+ 1-0

[Event "Petrov Memorial op"]
[Site "St Petersburg"]
[Date "1998.??.??"]
[Round "3"]
[White "Baranov, Grigory"]
[Black "Kazakov, Vladimir"]
[Result "1-0"]
[WhiteElo "2280"]
[BlackElo "2320"]
[PlyCount "120"]
[EventDate "1998.02.??"]
[EventType "swiss"]
[EventRounds "9"]
[EventCountry "RUS"]
[SourceTitle "EXT 1999"]
[Source "ChessBase"]
[SourceDate "1998.11.16"]
[SourceVersion "1"]
[SourceVersionDate "1998.11.16"]
[SourceQuality "1"]

1. e4 c6 2. d3 e5 3. g3 d5 4. Qe2 dxe4 5. dxe4 h5 6. Nf3 Bg4 7. h3 Bxf3 8. Qxf3 Qf6 9. Qb3 Bc5 10. Be3 Bxe3 11. Qxe3 Nd7 12. h4 Nb6 13. a4 Rd8 14. Be2 Qh6 15. Qg5 f6 16. Qxh6 Rxh6 17. Nd2 g6 18. Nb3 Rh7 19. Nc5 Rd6 20. a5 Na8 21. c3 Re7 22. b4 Nh6 23. Bc4 Nf7 24. Ke2 Nd8 25. Rhd1 Rxd1 26. Rxd1 b6 27. Nb3 b5 28. Bd3 Ne6 29. Ke3 a6 30. Be2 Rd7 31. Rf1 Nac7 32. f4 exf4+ 33. gxf4 Re7 34. Kd3 Rd7+ 35. Kc2 Ng7 36. Nc5 Re7 37. Bd3 Nge6 38. Nb3 g5 39. hxg5 fxg5 40. fxg5 Nxg5 41. Rh1 Nxe4 42. Rxh5 Kf8 43. Nd4 Nd5 44. Nxc6 Ne3+ 45. Kc1 Re6 46. Nd4 Re7 47. Nf5 Nxf5 48. Rxf5+ Kg7 49. Bxe4 Rxe4 50. Kd2 Kg6 51. Rf8 Re7 52. Kd3 Rd7+ 53. Ke4 Kg7 54. Ra8 Rc7 55. Rxa6 Rxc3 56. Rb6 Rc4+ 57. Kd5 Rxb4 58. Kc5 Rb1 59. Rxb5 Ra1 60. Kb6 Kf6 1-0